Gaining and sustaining competitive advantage

Guardado en:
Detalles Bibliográficos
Autor principal: Barney, Jay B.
Formato: Libro
Lenguaje:inglés
Publicado: Upper Saddle River Pearson 2011
Edición:4th ed.
Materias:
Etiquetas: Agregar Etiqueta
Sin Etiquetas, Sea el primero en etiquetar este registro!

MARC

LEADER 00000nam a2200000 4500
001 0143075
005 20240517105152.2
020 |a 978-0-13-247906-6 
020 |a 0-13-247906-0 
041 0 |a eng 
044 |a US 
245 1 0 |a Gaining and sustaining competitive advantage  |c Jay B. Barney 
250 |a 4th ed. 
264 1 |a Upper Saddle River  |b Pearson  |c 2011 
300 |a xv, 495 s. 
610 2 0 |a stratégia podnikateľská 
610 2 0 |a stratégia podniková 
610 2 0 |a konkurencieschopnosť 
610 2 0 |a analýzy 
100 1 |a Barney, Jay B.